[Event "37th Reykjavik op"]
[Site "Reykjavik ISL"]
[Date "2024.03.16"]
[Round "2.42"]
[White "Prado Serrano, Alexandra"]
[Black "Gulbinski, Michal"]
[WhiteElo "1877"]
[BlackElo "1671"]
[Result "1/2-1/2"]
[EventDate "2024.03.15"]
[PlyCount "182"]

1. e4 {[%eval 13,0]} c6 {[%eval 24,0]} 2. d4 {[%eval 28,0]} d5 {[%eval 31,0]}
3. exd5 {[%eval 35,0]} cxd5 {[%eval 33,0]} 4. Bd3 {[%eval 32,0]} Nf6 {[%eval
21,0]} 5. c3 {[%eval 21,0]} Nc6 {[%eval 33,0]} 6. Bf4 {[%eval 34,0]} Bg4 {
[%eval 39,0]} 7. Qb3 {[%eval 15,0]} Qb6 {[%eval 63,0]} 8. Qxb6 {[%eval 32,0]}
axb6 {[%eval 37,0]} 9. Nd2 {[%eval 41,0]} e6 {[%eval 36,0]} 10. Ngf3 {[%eval
28,0]} Be7 {[%eval 4,0]} 11. O-O {[%eval 44,0]} O-O {[%eval 45,0]} 12. Rfe1 {
[%eval 3,0]} Rfc8 {[%eval 6,0]} 13. h3 {[%eval 42,0]} Bh5 {[%eval 49,0]} 14.
Ne5 {[%eval 28,0]} Nxe5 {[%eval 26,0]} 15. Bxe5 {[%eval 28,0]} Bg6 {[%eval 24,
0]} 16. Bf1 {[%eval 21,0]} h6 {[%eval 19,0]} 17. g4 {[%eval 25,0]} Ne4 {
[%eval 29,0]} 18. Nf3 {[%eval 24,0]} Bh7 {[%eval 21,0]} 19. a3 {[%eval 19,0]}
Nd6 {[%eval 25,0]} 20. Nd2 {[%eval 19,0]} Bf8 {[%eval 4,0]} 21. Bh2 {[%eval 21,
0]} Rd8 {[%eval 37,0]} 22. f4 {[%eval 0,0]} Ne4 {[%eval 0,0]} 23. Nf3 {[%eval
0,0]} Rac8 {[%eval 7,0]} 24. Rad1 {[%eval 0,0]} Bd6 {[%eval 1,0]} 25. Bd3 {
[%eval 0,0]} f5 {[%eval 6,0]} 26. g5 $6 {[%eval 66,0] Inaccuracy. Ne5 was best.
} (26. Ne5 Rf8 27. Rf1 Bxe5 28. dxe5 g5 29. Be2 Bg6 30. Kg2 Kh7 31. Rd4 Nc5 32.
Kf2 fxg4) 26... Bg6 {[%eval 68,0]} 27. h4 {[%eval 63,0]} Bh5 {[%eval 64,0]} 28.
Be2 {[%eval 62,0]} Bg4 $6 {[%eval 7,0] Inaccuracy. Bxf3 was best.} (28... Bxf3
29. Bxf3) 29. Ne5 $2 {[%eval -42,0] Mistake. Nd2 was best.} (29. Nd2 Bxe2 30.
Rxe2 Kf7 31. Rg2 g6 32. Kf1 Rh8 33. Nf3 Rh7 34. Ke2 Rch8 35. Ke3 hxg5) 29...
Bxe2 {[%eval -88,0]} 30. Rxe2 {[%eval -83,0]} Bxe5 {[%eval -91,0]} 31. dxe5 {
[%eval -87,0]} hxg5 {[%eval -58,0]} 32. hxg5 {[%eval -88,0]} g6 $6 {[%eval 13,
0] Inaccuracy. Kf7 was best.} (32... Kf7 33. Kg2) 33. Re3 {[%eval 3,0]} Kg7 {
[%eval 0,0]} 34. Red3 $6 {[%eval 55,0] Inaccuracy. Rh3 was best.} (34. Rh3 d4
35. cxd4 Rc4 36. Rb3 Rc2 (36... Rh8 37. Rxb6 Rc7 38. d5 exd5 39. Rxd5 Rc1+ 40.
Kg2 Rc2+) 37. Bg3 Rh8 38. Rxb6 Nxg3 39. Rxb7+ Kg8 40. Rb8+ Kh7) 34... b5 $6 {
[%eval 3,0] Inaccuracy. Rh8 was best.} (34... Rh8 35. Bg3 Rh5 36. Kg2 b5 37.
Rf3 Rch8 38. Rd4 Nxg3 39. Rxg3 Rh2+ 40. Kg1 Rxb2 41. Rb4) 35. Rd4 $6 {[%eval 7,
0] Inaccuracy. Rh3 was best.} (35. Rh3) 35... Rc4 {[%eval 74,0]} 36. Kg2 {
[%eval 73,0]} Rh8 {[%eval 78,0]} 37. Bg3 {[%eval 58,0]} Kf7 {[%eval 64,0]} 38.
Rc1 {[%eval 73,0]} (38. Re1) 38... Rhc8 $6 {[%eval 1,0] Inaccuracy. Nc5 was
best.} (38... Nc5 39. Rdd1) (38... Rc7 39. Rdd1 Ke8 40. Rh1 Rch7 41. Rxh7 Rxh7
42. Ra1 Nc5 43. b3 Kd7 44. Bf2 Ne4 45. a4) 39. Rcd1 $6 {[%eval 68,0]
Inaccuracy. Rdd1 was best.} (39. Rdd1) 39... Rh8 {[%eval 74,0]} 40. Ra1 {
[%eval 7,0]} Rxd4 $6 {[%eval 0,0] Inaccuracy. Nc5 was best.} (40... Nc5 41. Rg1
(41. Rf1)) 41. cxd4 {[%eval 0,0]} Rc8 {[%eval 0,0]} 42. Be1 {[%eval 0,0]} Rc4 {
[%eval 0,0]} 43. Rd1 $6 {[%eval 34,0] Inaccuracy. Bc3 was best.} (43. Bc3 b6
44. Rc1 Kf8 45. Rb1 Kg7 46. Rc1 Kf7 47. Rh1) 43... Ke8 {[%eval 15,0]} 44. Bb4 {
[%eval 42,0]} Rc2+ {[%eval 26,0]} 45. Kf3 {[%eval 26,0]} Rxb2 {[%eval 26,0]}
46. Rc1 {[%eval 39,0]} Kd7 {[%eval 54,0]} 47. Ke3 $4 {[%eval -153,0] Blunder.
Ba5 was best.} (47. Ba5 Nd2+) 47... b6 {[%eval -1,0]} 48. Kd3 {[%eval -147,0]}
Rh2 {[%eval -6,0]} 49. Bf8 $6 {[%eval -139,0] Inaccuracy. Rb1 was best.} (49.
Rb1 Rh3+) 49... Rh3+ {[%eval -136,0]} 50. Ke2 {[%eval -143,0]} Rc3 $4 {[%eval
1,0] Blunder. Nc3+ was best.} (50... Nc3+ 51. Kd2 b4 52. Bxb4 Nb5 53. Rb1 Nxd4
54. Bc3 Nf3+ 55. Ke2 Nxg5 56. Bd4 Rh4 57. Be3) (50... Rh4 51. Ke3 Rh3+ 52. Ke2
Rb3 53. Rc2 Ng3+ 54. Kd1 Rd3+ 55. Rd2 Rf3 56. Rh2 Nh5 57. Kd2) 51. Ra1 $4 {
[%eval -252,0] Blunder. Rxc3 was best.} (51. Rxc3 Nxc3+ 52. Kd2 b4 53. Bxb4 Nb5
54. Kd3 Kc8 55. a4 Na7 56. Kc2 Nc6 57. Bc3 Kb7) 51... Rc4 {[%eval -256,0]} 52.
Kd3 {[%eval -266,0]} Ng3 $2 {[%eval -37,0] Mistake. Rc3+ was best.} (52... Rc3+
53. Ke2 Ng3+ 54. Kd2 Rf3 55. a4 bxa4 56. Rxa4 Kc6 57. Ra8 Nh5 58. Rc8+ Kb7 59.
Re8) 53. Bb4 {[%eval -44,0]} Nh5 {[%eval -85,0]} 54. Rf1 {[%eval -82,0]} Rc8 {
[%eval -71,0]} 55. Bd6 {[%eval -71,0]} Rc4 {[%eval -62,0]} 56. Bb4 {[%eval -77,
0]} Kc6 {[%eval -64,0]} 57. Rf3 {[%eval -69,0]} Kb7 {[%eval -88,0]} 58. Bd2 {
[%eval -89,0]} Ka6 {[%eval -96,0]} 59. Bb4 {[%eval -99,0]} Rc1 {[%eval -51,0]}
60. Kd2 {[%eval -54,0]} Rc4 {[%eval -74,0]} 61. Ke3 {[%eval -71,0]} Kb7 {
[%eval 98,0]} 62. Kd3 {[%eval 91,0]} Rc1 {[%eval 91,0]} 63. Kd2 {[%eval 94,0]}
Rg1 {[%eval -99,0]} 64. Ke2 {[%eval 92,0]} Rg2+ {[%eval -91,0]} 65. Kf1 $4 {
[%eval -277,0] Blunder. Ke3 was best.} (65. Ke3 Rb2 66. Kd3 Rb3+ 67. Ke2 Rb1
68. Ke3 Kc6 69. Ke2 Rb2+ 70. Ke3 Rh2 71. Kd3 Rg2) 65... Rg4 {[%eval -299,0]}
66. Bd2 {[%eval -121,0]} Ng3+ $6 {[%eval -197,0] Inaccuracy. Ka6 was best.} (
66... Ka6 67. Kf2 b4 68. Bxb4 Nxf4 69. Bd2 Rg2+ 70. Ke1 Ne2 71. Kf1 Rh2 72. Be3
Nc3 73. Bf4) (66... b4 67. axb4 Ka6 68. Rc3 Kb5 69. Rc8 Nxf4 70. Re8 Nh3 71.
Rxe6 Kc4 72. Rc6+ Kxd4 73. Be1) 67. Ke1 $6 {[%eval -193,0] Inaccuracy. Kf2 was
best.} (67. Kf2 Ne4+ 68. Ke3 b4 69. Bxb4 Rh4 70. Rf1 Rh3+ 71. Rf3 Rh1 72. Kd3
Rh2 73. Rf1 Rh3+) 67... Ne4 $6 {[%eval -16,0] Inaccuracy. Ka6 was best.} (67...
Ka6 68. Kd1 Ne4 69. Bb4 Rg2 70. Ke1 Ng3 71. Rc3 Ne2 72. Rc6 Nxf4 73. Rd6 Rxg5
74. Kd2) 68. Bb4 {[%eval -16,0]} Rh4 {[%eval -35,0]} 69. Kd1 {[%eval -68,0]}
Rh2 {[%eval 96,0]} 70. Kc1 $6 {[%eval -46,0] Inaccuracy. Ke1 was best.} (70.
Ke1 Kc6 71. Re3 Rh4 72. Rf3 Rg4 73. Kf1 Ng3+ 74. Kf2 Nh5 75. Ke3 Rh4 76. Rf2
Kb7) 70... Kc6 {[%eval -47,0]} 71. Kb1 {[%eval -47,0]} Kd7 {[%eval -55,0]} 72.
Ka1 {[%eval -91,0]} Rf2 $2 {[%eval 12,0] Mistake. Nd2 was best.} (72... Nd2)
73. Rh3 $4 {[%eval -249,0] Blunder. Rxf2 was best.} (73. Rxf2) 73... Rxf4 {
[%eval -268,0]} 74. Rh7+ {[%eval -281,0]} Kc8 {[%eval -263,0]} 75. Rh8+ {
[%eval -266,0]} Kd7 {[%eval -291,0]} 76. Rh7+ {[%eval -101,0]} Kc6 $4 {[%eval
0,0] Blunder. Kc8 was best.} (76... Kc8 77. Rg7 Rg4 (77... Rf1+ 78. Kb2 f4 79.
Rg8+ Kb7 80. Rxg6 f3 81. Rxe6 f2 82. Re7+ Kc6 83. Re6+) 78. Rxg6 Nxg5 79. Ka2
f4 80. Bd6 f3 81. Kb3 Rg3 82. Rg8+ Kd7 83. Rg7+) 77. Rg7 $2 {[%eval -95,0]
Mistake. Re7 was best.} (77. Re7 Rf1+ 78. Kb2 Rf2+ 79. Kc1 (79. Kb3 Rf3+ 80.
Kc2 f4 81. Rxe6+ Kc7 82. Rxg6 Rf2+ 83. Kb3 Rf3+) 79... f4 80. Rxe6+ Kb7 81.
Rxg6 Rf1+ 82. Kb2 Rf2+ 83. Kb1 Rf1+) 77... Nxg5 $4 {[%eval 32748,0] Checkmate
is now unavoidable. Nc5 was best.} (77... Nc5 78. dxc5 bxc5 79. Rxg6 cxb4 80.
axb4 Kd7 81. Rg7+ Ke8 82. Rg6 Kf7 83. Rf6+ Ke7 84. g6) 78. Rxg6 $4 {[%eval
-108,0] Lost forced checkmate sequence. Bd6 was best.} (78. Bd6 b4 (78... Rf1+
79. Kb2 b4 80. a4 b5 81. a5 Rf2+ 82. Kb3 Rf3+ 83. Kxb4 Nf7 84. Rxf7 Rb3+) 79.
a4 Rf1+ 80. Kb2 Rf2+ 81. Kb3 Nf7 82. Rxf7 Rf3+ 83. Kxb4 Rb3+ 84. Kxb3 b5) 78...
Rg4 {[%eval -291,0]} 79. Bf8 $2 {[%eval -387,0] Mistake. Rg7 was best.} (79.
Rg7 Nf3 80. Re7 Nxd4 81. Kb1 Rg8 82. Bc3 Ne2 83. Rxe6+ Kc5 84. Bb2 Rg1+ 85. Ka2
d4) (79. Kb2 Kd7 80. Rg7+ Kc8 81. Bd6 Nf3 82. Rc7+ Kd8 83. Rb7 Nxd4 84. Rb8+
Kd7 85. Rb7+ Ke8) 79... Kd7 {[%eval -384,0]} 80. Rg7+ {[%eval -328,0]} Ke8 {
[%eval -338,0]} 81. Bd6 {[%eval -334,0]} Nf3 $4 {[%eval -77,0] Blunder. Nf7
was best.} (81... Nf7 82. Rh7 f4 (82... Rxd4 83. Bc7 Re4 84. Bxb6 f4 85. Bc5 f3
86. Rg7 Rxe5 87. Rg8+ Kd7 88. Ra8) 83. Rh3 Nxd6 84. exd6 Kd7 85. Kb2 Kxd6 86.
Kb1 f3 87. Rxf3 Rxd4 88. Rf8) 82. Re7+ {[%eval -58,0]} Kd8 {[%eval -65,0]} 83.
Rxe6 {[%eval -87,0]} Nxd4 {[%eval -98,0]} 84. Rf6 {[%eval -93,0]} Re4 {[%eval
-91,0]} 85. Rf8+ {[%eval -92,0]} Kd7 {[%eval -68,0]} 86. Rf7+ {[%eval -67,0]}
Kc8 {[%eval -53,0]} 87. Kb2 {[%eval -48,0]} f4 {[%eval -71,0]} 88. Rf8+ {
[%eval -46,0]} Kd7 {[%eval -64,0]} 89. Rf7+ {[%eval -84,0]} Kc8 {[%eval -71,0]}
90. Rf8+ {[%eval -59,0]} Kd7 $2 {[%eval 0,0] Mistake. Kb7 was best.} (90... Kb7
91. Rf7+ Ka6 92. Rf6 Nc6 93. e6 f3 94. e7 (94. Kc3 d4+ 95. Kc2 Re2+ 96. Kd1 Re3
97. Bb4) 94... Re2+ 95. Kc1 Nxe7 96. Rxf3 Nc6 97. Rf5) 91. Rf7+ {[%eval 0,0]}
Kc8 {[%eval 0,0]} 1/2-1/2

[Event "37th Reykjavik op"]
[Site "Reykjavik ISL"]
[Date "2024.03.16"]
[Round "2.43"]
[White "Lu, Maximillian"]
[Black "Gurner, Jem"]
[WhiteElo "2375"]
[BlackElo "1968"]
[Result "1-0"]
[EventDate "2024.03.15"]
[PlyCount "89"]

1. d4 {[%eval 15,0]} Nf6 {[%eval 16,0]} 2. c4 {[%eval 16,0]} g6 {[%eval 37,0]}
3. Nc3 {[%eval 31,0]} Bg7 {[%eval 7,0]} 4. e4 {[%eval 67,0]} d6 {[%eval 53,0]}
5. Nf3 {[%eval 57,0]} O-O {[%eval 48,0]} 6. Bd3 {[%eval 31,0]} Nbd7 $6 {
[%eval 88,0] Inaccuracy. Bg4 was best.} (6... Bg4 7. Be2 Bxf3 8. Bxf3 Nfd7 9.
Be3 Nc6 10. d5 Na5 11. Be2) 7. O-O {[%eval 74,0]} e5 {[%eval 65,0]} 8. d5 {
[%eval 58,0]} c5 {[%eval 103,0]} 9. dxc6 $6 {[%eval 3,0] Inaccuracy. Kh1 was
best.} (9. Kh1 a6 10. a4 Kh8 11. Bg5 Qe8 12. Bd2 Nh5 13. Nh4 Ndf6 14. a5 Nf4
15. Bc2 Bd7) 9... bxc6 {[%eval 23,0]} 10. Bc2 {[%eval 4,0]} Qc7 {[%eval 13,0]}
11. b3 {[%eval 0,0]} Rd8 {[%eval 8,0]} 12. Bb2 {[%eval 3,0]} Nf8 {[%eval 33,0]}
13. Rc1 {[%eval 34,0]} Bh6 {[%eval 24,0]} 14. Nd2 $6 {[%eval 8,0] Inaccuracy.
Rb1 was best.} (14. Rb1) 14... Ne6 {[%eval 82,0]} 15. Bb1 {[%eval -98,0]} Qb6 {
[%eval 81,0]} 16. Qe1 {[%eval 77,0]} a5 {[%eval 95,0]} 17. Na4 {[%eval 84,0]}
Qb8 {[%eval 89,0]} 18. Rd1 {[%eval 64,0]} Nd4 {[%eval 25,0]} 19. f4 {[%eval 36,
0]} Kg7 $4 {[%eval 142,0] Blunder. Bg4 was best.} (19... Bg4 20. Bxd4) 20. Qh4
$2 {[%eval 22,0] Mistake. fxe5 was best.} (20. fxe5 dxe5 21. Rxf6 Bg4 22. Nf3
Bxf3 23. Rxd4 Kxf6 24. Rxd8 Qxd8 25. gxf3 Bf4 26. Nc5 a4) 20... Ne2+ {[%eval
21,0]} 21. Kh1 {[%eval 26,0]} Nxf4 {[%eval 27,0]} 22. Nf3 {[%eval 7,0]} Bg4 {
[%eval 0,0]} 23. c5 {[%eval 0,0]} Bxf3 {[%eval 0,0]} 24. Rxf3 {[%eval 2,0]} g5
$4 {[%eval 183,0] Blunder. d5 was best.} (24... d5 25. Rdf1) 25. Qg3 $6 {
[%eval 96,0] Inaccuracy. Qe1 was best.} (25. Qe1 Ra7 26. Rxd6 Rxd6 27. Bxe5 Rd1
28. Bxf6+ Kxf6 29. Qxd1 Kg7 30. Nb6 Qe8 31. Rf1 Kg8) 25... dxc5 {[%eval 9,0]}
26. Rdf1 {[%eval 98,0]} Qd6 $2 {[%eval 245,0] Mistake. Kg8 was best.} (26...
Kg8 27. Rxf4) 27. Nb6 {[%eval 228,0]} N6h5 $6 {[%eval 343,0] Inaccuracy. Kg8
was best.} (27... Kg8 28. Qe1 g4 29. R3f2 N6h5 30. Nxa8 Rxa8 31. Qc3 f6 32. g3
Ne6 33. Bc2 Qd4 34. Bd3) 28. Qg4 {[%eval 355,0]} Ra7 {[%eval 428,0]} 29. Nc4 {
[%eval 432,0]} Qe6 {[%eval 404,0]} 30. Nxe5 {[%eval 449,0]} Kg8 {[%eval 425,0]}
31. Qxe6 {[%eval 444,0]} fxe6 {[%eval 417,0]} 32. g3 {[%eval 372,0]} Ng6 {
[%eval 403,0]} 33. Nxc6 {[%eval 428,0]} g4 {[%eval 423,0]} 34. R3f2 {[%eval
419,0]} Rad7 {[%eval 465,0]} 35. Nxd8 {[%eval 463,0]} Rxd8 {[%eval 455,0]} 36.
Bc3 {[%eval 424,0]} Be3 {[%eval 427,0]} 37. Re2 {[%eval 416,0]} Bd4 {[%eval
400,0]} 38. Bxa5 {[%eval 427,0]} Ra8 {[%eval 409,0]} 39. Bc7 {[%eval 412,0]}
Rc8 {[%eval 461,0]} 40. Bd6 {[%eval 444,0]} e5 {[%eval 492,0]} 41. b4 {[%eval
479,0]} c4 {[%eval 408,0]} 42. b5 {[%eval 481,0]} Ng7 {[%eval 535,0]} 43. a4 {
[%eval 521,0]} Ne8 {[%eval 538,0]} 44. Bb4 {[%eval 525,0]} Rb8 45. Ba2 1-0

[Event "37th Reykjavik op"]
[Site "Reykjavik ISL"]
[Date "2024.03.16"]
[Round "2.45"]
[White "Kazarian, Anna-Maja"]
[Black "Kjartansson, Gudmundur"]
[WhiteElo "2206"]
[BlackElo "2465"]
[Result "0-1"]
[EventDate "2024.03.15"]
[PlyCount "96"]

1. e4 {[%eval 13,0]} e5 {[%eval 17,0]} 2. Nf3 {[%eval 21,0]} Nc6 {[%eval 13,0]}
3. Bc4 {[%eval 14,0]} Nf6 {[%eval 21,0]} 4. d3 {[%eval 21,0]} Bc5 {[%eval 18,0]
} 5. O-O {[%eval 7,0]} O-O {[%eval 29,0]} 6. c3 {[%eval 13,0]} d6 {[%eval 25,0]
} 7. a4 {[%eval 0,0]} a6 {[%eval 3,0]} 8. h3 {[%eval 2,0]} h6 {[%eval 22,0]} 9.
Re1 {[%eval 18,0]} Re8 {[%eval 22,0]} 10. b4 {[%eval 19,0]} Ba7 {[%eval 22,0]}
11. Qb3 {[%eval 8,0]} Be6 {[%eval 13,0]} 12. Nbd2 {[%eval 3,0]} d5 {[%eval 24,
0]} 13. exd5 {[%eval 1,0]} Bxd5 {[%eval 14,0]} 14. Bxd5 {[%eval 12,0]} Qxd5 {
[%eval 11,0]} 15. b5 {[%eval 49,0]} Na5 {[%eval 25,0]} 16. Qxd5 {[%eval 2,0]}
Nxd5 {[%eval 25,0]} 17. Ba3 {[%eval 75,0]} Nf4 {[%eval 72,0]} 18. Bb4 $2 {
[%eval -197,0] Mistake. d4 was best.} (18. d4) 18... Nxd3 {[%eval -198,0]} 19.
Bxa5 $6 {[%eval -285,0] Inaccuracy. Re2 was best.} (19. Re2 Bb6 20. g3 Red8 21.
Kf1 f6 22. Ne1 Nb2 23. Bxa5 Bxa5 24. Ne4 Nc4 25. Nc5 Nd6) 19... Bxf2+ {[%eval
-267,0]} 20. Kf1 {[%eval -267,0]} b6 $4 {[%eval 24,0] Blunder. Bxe1 was best.}
(20... Bxe1) 21. Red1 {[%eval 21,0]} bxa5 {[%eval 25,0]} 22. Ne4 {[%eval 21,0]}
Bb6 {[%eval 3,0]} 23. Rxd3 {[%eval 9,0]} f5 {[%eval 3,0]} 24. Nfd2 $4 {[%eval
-25,0] Blunder. Nd6 was best.} (24. Nd6 e4 25. Nxe8 exd3 26. Nxg7 Kxg7 27. bxa6
Rxa6 28. Rd1 Ra8 29. Rxd3 Re8 30. Nd2 h5) 24... fxe4 {[%eval -24,0]} 25. Nxe4 {
[%eval -21,0]} Rf8+ {[%eval -23,0]} 26. Rf3 {[%eval -25,0]} axb5 {[%eval -17,0]
} 27. axb5 {[%eval -25,0]} Rxf3+ {[%eval -58,0]} 28. gxf3 {[%eval -95,0]} a4 {
[%eval -54,0]} 29. Ke2 {[%eval -62,0]} Kf7 {[%eval -95,0]} 30. Kd3 {[%eval -12,
0]} Ke6 {[%eval -29,0]} 31. Ra3 {[%eval -33,0]} g5 {[%eval -5,0]} 32. c4 {
[%eval -23,0]} Bd4 {[%eval -7,0]} 33. Nc3 $4 {[%eval -372,0] Blunder. Kc2 was
best.} (33. Kc2 Kf5) 33... Bxc3 $4 {[%eval 16,0] Blunder. Rf8 was best.} (33...
Rf8 34. Ke2 Bxc3 35. Rxc3 Ra8 36. Ra3 Kd6 37. Kd3 Kc5 38. Kc2 Kxc4 39. Rc3+
Kxb5 40. Rxc7) 34. Kxc3 {[%eval 9,0]} c5 {[%eval 0,0]} 35. bxc6 $4 {[%eval
-183,0] Blunder. Kb2 was best.} (35. Kb2 h5 36. Re3 a3+ 37. Rxa3 Rxa3 38. Kxa3
Kd6 39. Ka4 Kc7 40. Kb3 e4 41. fxe4 g4) 35... Kd6 {[%eval -164,0]} 36. Kb4 $2 {
[%eval -393,0] Mistake. Kb2 was best.} (36. Kb2 Kxc6 37. Re3 a3+ 38. Ka1 Kd6
39. Ka2 Ra7 40. c5+ Kd5 41. c6 Rc7 42. Rd3+ Kxc6) 36... Kxc6 {[%eval -376,0]}
37. c5 {[%eval -392,0]} h5 {[%eval -342,0]} 38. Kc4 {[%eval -342,0]} Rf8 {
[%eval -395,0]} 39. Re3 {[%eval -343,0]} Rf4+ {[%eval -336,0]} 40. Kd3 {
[%eval -331,0]} a3 {[%eval -368,0]} 41. Rxe5 $6 {[%eval -435,0] Inaccuracy.
Kc2 was best.} (41. Kc2 Rc4+ 42. Kb1 Kd5 43. Rxa3 Kd4 44. Ra2 Rxc5 45. Re2 Rc3
46. h4 Rxf3 47. hxg5 Rg3) 41... a2 {[%eval -495,0]} 42. Re6+ {[%eval -444,0]}
Kb5 {[%eval -455,0]} 43. Re1 {[%eval -415,0]} Rxf3+ {[%eval -402,0]} 44. Kd4 {
[%eval -473,0]} Rxh3 {[%eval -594,0]} 45. Ra1 {[%eval -562,0]} Rh2 {[%eval
-583,0]} 46. Rc1 {[%eval -561,0]} Rc2 {[%eval -538,0]} 47. Ra1 {[%eval -563,0]}
Kb4 {[%eval -514,0]} 48. c6 Kb3 0-1

[Event "37th Reykjavik op"]
[Site "Reykjavik ISL"]
[Date "2024.03.16"]
[Round "2.49"]
[White "Sanitt, Ethan"]
[Black "Karsten, Jan"]
[WhiteElo "1914"]
[BlackElo "2323"]
[Result "0-1"]
[EventDate "2024.03.15"]
[PlyCount "102"]

1. c4 (1. e4 c5 2. b4 cxb4 3. a3 g6 4. Bb2 Nf6 5. e5 Nd5 6. Bc4 Nb6 7. Bb3 Bg7
8. axb4 d6 9. Nf3 Nc6 10. b5 Nxe5 11. Nxe5 dxe5 12. Qe2 Qd6 13. Nc3 O-O 14. O-O
Rd8 15. Ne4 Qc7 16. Ng5 e6 17. h4 Nd5 18. Nh3 a5 19. h5 b6 20. Rfe1 {[%csl Gd5]
} Nf4 21. Nxf4 exf4 22. Bxg7 {[%csl Gg8]} Kxg7 23. Ra4 Bb7 24. Qg4 Bd5 25. Rxf4
Bxb3 26. Qg5 f5 27. cxb3 Qf7 28. h6+ Kg8 29. Rc4 Rd6 30. Rec1) 1... Nf6 2. g3
g6 3. Nc3 Bg7 4. Bg2 O-O 5. d3 d6 6. Rb1 c6 7. e4 a6 8. a4 a5 9. Nge2 Na6 10.
O-O e5 11. h3 Nb4 12. Bg5 h6 13. Be3 Nd7 14. d4 exd4 15. Bxd4 Nc5 16. Bxg7 Kxg7
17. Qd4+ Qf6 18. Qxf6+ Kxf6 19. Rbd1 Be6 20. Nf4 Ke7 21. Nxe6 fxe6 22. f4 Nc2
23. Rf3 e5 24. Rd2 Nd4 25. Rf1 Rf6 26. Bf3 Raf8 27. Bg4 Ndb3 28. Rdf2 exf4 29.
Rxf4 Nd2 30. Rxf6 Rxf6 31. Re1 Nxc4 32. Be2 Nd2 33. Kg2 Re6 34. Bg4 Re5 35. Rd1
Ndxe4 36. Ne2 Nf6 37. Bf3 g5 38. Nd4 Ne6 39. Nb3 h5 40. Rd2 g4 41. hxg4 hxg4
42. Bd1 b6 43. Nd4 Nxd4 44. Rxd4 Rg5 45. b4 Rd5 46. Rxd5 Nxd5 47. Kf2 axb4 48.
Bxg4 b3 49. Ke1 b2 50. Bf5 Kf6 51. Bh7 Nc3 0-1

[Event "37th Reykjavik op"]
[Site "Reykjavik ISL"]
[Date "2024.03.16"]
[Round "2.80"]
[White "Kolka, David"]
[Black "Chilton, James I"]
[WhiteElo "2030"]
[BlackElo "1823"]
[Result "1-0"]
[EventDate "2024.03.15"]
[PlyCount "71"]

1. e4 c5 2. c3 e6 3. d4 cxd4 4. cxd4 Bb4+ 5. Nc3 Nf6 6. Bd3 Nc6 7. Nge2 d5 8.
exd5 Nxd5 9. O-O O-O 10. a3 Bd6 11. Nxd5 exd5 12. Be3 Be6 13. Qd2 Na5 14. Rad1
Rc8 15. Nf4 Nb3 16. Qe2 Qf6 17. Bxh7+ Kxh7 18. Nxe6 fxe6 19. Qd3+ Qf5 20. Qxb3
Qh5 21. g3 Rf3 22. Rd3 Rcf8 23. Bd2 b6 24. Kg2 R3f5 25. f3 g5 26. Bb4 Bxb4 27.
Qxb4 g4 28. Qc3 Qh3+ 29. Kg1 Kg6 30. f4 R8f7 31. Re3 Kf6 32. Rfe1 Re7 33. Qc8
e5 34. Rxe5 Rexe5 35. dxe5+ Kg6 36. Qe6+ 1-0

[Event "37th Reykjavik op"]
[Site "Reykjavik ISL"]
[Date "2024.03.16"]
[Round "2.152"]
[White "Pigott, John"]
[Black "Sushanth, Kamabathula"]
[WhiteElo "2326"]
[BlackElo "1918"]
[Result "1/2-1/2"]
[EventDate "2024.03.15"]
[PlyCount "49"]

1. e4 c5 2. Nf3 d6 3. Bb5+ Nd7 4. c3 Ngf6 5. Qe2 a6 6. Ba4 b5 7. Bc2 e5 8. d4
Be7 9. O-O O-O 10. a4 Bb7 11. Rd1 Qc7 12. d5 Nb6 13. b3 Rfb8 14. Be3 Bc8 15. h3
Bd7 16. a5 Nc8 17. b4 h6 18. Rc1 c4 19. Nbd2 Bd8 20. Nf1 Ne7 21. Ng3 Ng6 22.
Qd2 Qc8 23. Bd1 Rb7 24. Nh2 Nh7 25. Bg4 1/2-1/2